00564nam a22001697a 450000500170000001000150001702000260003203500140005803700130007208200130008524501040009826000340020227000880023630000300032450000190035470000210037320171101105503.0 aENG-120977 c995.00a9789385160776 aEN-104509 bDBAD/PUB a327.4054 aThe EU- India strategic partnership:bfacingthe foreign policy divide /cedited by Gauri Khandekar aNew DelhibLenin Media c2015 a202, IInd Floor, 4832/24, Prahlad Street, Ansari Road, DaryaganjbNew Delhie110002 aix,177p.c22.5cm(Hb)bill aIncludes index aKhandekar, Gauri